[Event "Vigevano U20 op 4th"]
[Site "Vigevano"]
[Date "2025.06.02"]
[Round "6"]
[White "Dutto, Sebastiano"]
[Black "Szakmary, Domonkos"]
[Result "0-1"]
[WhiteElo "1756"]
[BlackElo "2128"]
[PlyCount "80"]
[EventDate "2025.05.31"]
[EventType "swiss"]
[EventRounds "7"]
[EventCountry "ITA"]
[SourceTitle "CB23_2025"]
[SourceDate "2025.06.04"]
[SourceVersion "1"]
[SourceVersionDate "2025.06.04"]
[SourceQuality "1"]

1. e4 c5 2. Nf3 Nc6 3. d4 cxd4 4. Nxd4 e6 5. Nc3 Qc7 6. a3 a6 7. Be2 Nf6 8. Be3 b5 9. Nxc6 dxc6 10. 0-0 Bb7 11. f4 c5 12. e5 Rd8 13. Qe1 Nd5 14. Bd2 h5 15. Nxd5 Bxd5 16. Ba5 Qc6 17. Bf3 Bxf3 18. Rxf3 Rd5 19. Rd1 c4 20. Kh1 h4 21. Rxd5 Qxd5 22. Qd2 Qxd2 23. Bxd2 Kd7 24. Kg1 Kc6 25. b3 Bxa3 26. b4 Bb2 27. c3 Rd8 28. Be1 Rd3 29. Kf2 Rxf3+ 30. Kxf3 a5 31. bxa5 b4 32. Ke2 Bxc3 33. Bxc3 bxc3 34. Kd1 Kb5 35. Kc2 Kxa5 36. Kxc3 Kb5 37. g4 hxg3 38. hxg3 Kc5 39. g4 Kd5 40. g5 g6 0-1

[Event "Vigevano U20 op 4th"]
[Site "Vigevano"]
[Date "2025.05.31"]
[Round "2"]
[White "Dutto, Sebastiano"]
[Black "Sarabando, Rodrigo Andias"]
[Result "0-1"]
[WhiteElo "1756"]
[BlackElo "2222"]
[PlyCount "66"]
[EventDate "2025.05.31"]
[EventType "swiss"]
[EventRounds "7"]
[EventCountry "ITA"]
[SourceTitle "CB23_2025"]
[SourceDate "2025.06.04"]
[SourceVersion "1"]
[SourceVersionDate "2025.06.04"]
[SourceQuality "1"]

1. Nf3 Nf6 2. g3 b5 3. Bg2 Bb7 4. 0-0 e6 5. a4 b4 6. d4 c5 7. c4 d5 8. dxc5 Bxc5 9. Qc2 Nbd7 10. Nbd2 Rc8 11. a5 0-0 12. b3 Qe7 13. Bb2 e5 14. Nh4 Qe6 15. Qf5 g6 16. Qxe6 fxe6 17. Nhf3 e4 18. Ng5 e3 19. Nxe6 exd2 20. Nxf8 Rxf8 21. Rad1 Ng4 22. e3 Rxf2 23. Rxf2 Bxe3 24. Rdxd2 Nxf2 25. Rxf2 Nc5 26. Bf1 Ne4 27. Bh3 Nxf2 28. Be6+ Kf8 29. Kf1 d4 30. Ke2 Ne4 31. Bd7 Nc5 32. Ba4 Nxa4 33. bxa4 Be4 0-1